Fancy Vocabulary Quiz #11 - Statistics

General Stats
  • This quiz has been taken 89 times
  • The average score is 3 of 10
Answer Stats
Hint Answer % Correct
The composition or arrangement of dances, particularly for ballet Ch{oreography}
89%
An excessive or insatiable desire for wealth or gain Av{arice}
75%
Someone who is extremely or excessively careful or detailed Fa{stidious}
68%
Something characterized by happiness, great success, and prosperity Ha{lcyon}
35%
An aggregation or continuous network of urban communities Co{nurbation}
15%
Something under joint rule, or individual ownership of a unit in a multiunit structure or on land owned in common Co{ndominium}
13%
Something difficult or impossible for one of ordinary understanding or knowledge to comprehend Re{condite}
11%
A polygon with an infinite number of sides Ap{eirogon}
10%
A proposition created by contradicting both the hypothesis and conclusion of a proposition and switching them; for example, if A then B -> if not B then not A Co{ntrapositive}
10%
Someone eager to please others Co{mplaisant}
3%
No matching quizzes found
Score Distribution
Percent of People with Each Score
Percentile by Number Answered
Your Score History
You have not taken this quiz